000 00580nam a22001817a 4500
999 _c35594
_d35594
005 20210803173134.0
008 080618t xxu||||| |||| 00| 0 eng d
020 _c800.00
_a9788178804071
037 _bPUB
040 _aDPL
_bEnglish
100 _aMishra, Lavkush
245 _aWorld heritage sites in India /
_cby Lavkush Mishra
260 _aNew Delhi
_bRajat Publications
_c2009
270 _a4675/21, Ansari Road, Daryaganj
_bNew Delhi
_e110002
300 _axii, 443p.
_c24 cm (Hb)
500 _aIncludes bibliographical references and index
942 _cEN
_2ddc
_mMIS